[Event "III Festival Isola Verde A"]
[Site "Ischia ITA"]
[Date "2011.07.26"]
[Round "1"]
[White "Calabrese, Claudio"]
[Black "Melnikova, Yana"]
[Result "0-1"]
[WhiteElo "1942"]
[BlackElo "2236"]
[PlyCount "58"]
[EventDate "2011.07.26"]

1. d4 Nf6 2. Nf3 g6 3. Nbd2 d5 4. e3 Bg7 5. Be2 c5 6. c3 Nbd7 7. b4 b6 8. O-O
O-O 9. Ba3 Qc7 10. Rc1 c4 11. b5 Re8 12. Qc2 Bb7 13. Rfe1 e5 14. Nxe5 Nxe5 15.
dxe5 Rxe5 16. Bf3 Ne4 17. Bb4 Rae8 18. Rcd1 Rg5 19. h4 Rf5 20. a4 h5 21. Nf1
Bf6 22. Bxe4 Rxe4 23. Ng3 Rxh4 24. Nxf5 Qh2+ 25. Kf1 d4 26. Nxh4 Bxh4 27. e4
Qh1+ 28. Ke2 Qxg2 29. Rf1 Bxe4 0-1

[Event "III Festival Isola Verde A"]
[Site "Ischia ITA"]
[Date "2011.07.26"]
[Round "1"]
[White "Diotallevi, Maurizio"]
[Black "Meijers, Viesturs"]
[Result "0-1"]
[WhiteElo "2049"]
[BlackElo "2492"]
[PlyCount "84"]
[EventDate "2011.07.26"]

1. d4 Nf6 2. Bg5 Ne4 3. Bf4 d6 4. f3 Nf6 5. e4 Nbd7 6. Bc4 e5 7. Be3 exd4 8.
Qxd4 g6 9. Nc3 Bg7 10. Qd2 Ne5 11. Bb3 Be6 12. Bh6 Nxe4 13. Nxe4 Qh4+ 14. g3
Qxh6 15. Qxh6 Bxh6 16. Nf6+ Kf8 17. Nd5 Rc8 18. Rd1 c6 19. Nc3 Ke7 20. Kf2 d5
21. Nge2 Rhe8 22. Rhe1 Kf8 23. a4 a5 24. Nc1 Nd7 25. Nd3 Bg7 26. Nf4 Nc5 27.
Nd3 Nxb3 28. cxb3 d4 29. Rxe6 Rxe6 30. Ne4 h6 31. Ndc5 Re7 32. Nd6 Rb8 33. Re1
b6 34. Nd3 Rxe1 35. Kxe1 Ke7 36. Nc4 g5 37. Ke2 Ke6 38. Nf2 Kd5 39. Kd3 f5 40.
Kd2 Bf8 41. Nd3 Bd6 42. Ke2 Bc7 0-1

[Event "III Festival Isola Verde A"]
[Site "Ischia ITA"]
[Date "2011.07.26"]
[Round "1"]
[White "Gamback, Bjorn"]
[Black "Dervishi, Erald"]
[Result "0-1"]
[WhiteElo "2172"]
[BlackElo "2543"]
[PlyCount "84"]
[EventDate "2011.07.26"]

1. e4 e5 2. Nf3 Nc6 3. Bc4 Nf6 4. d4 exd4 5. e5 d5 6. Bb5 Ne4 7. Nxd4 Bd7 8.
Bxc6 bxc6 9. O-O Bc5 10. Be3 Qe7 11. f3 Ng5 12. f4 Ne4 13. Nd2 Nxd2 14. Qxd2
Bb6 15. Nb3 O-O 16. Qc3 f6 17. Bc5 fxe5 18. fxe5 Rxf1+ 19. Rxf1 Re8 20. Qd4 Qe6
21. a4 Bc8 22. a5 Bxc5 23. Qxc5 Qxe5 24. Qxa7 h6 25. c3 c5 26. Qxc5 Ba6 27. Rd1
Bc4 28. Nc1 Qh5 29. Qd4 Re4 30. Qd2 c6 31. Re1 Qg5 32. Qd1 Rg4 33. Qc2 d4 34.
cxd4 Rxd4 35. Qc3 Bd5 36. g3 Rc4 37. h4 Rxh4 38. Ne2 Rh1+ 39. Kf2 Rh2+ 40. Kf1
Qh5 41. g4 Qf7+ 42. Kg1 Qf2# 0-1

[Event "III Festival Isola Verde A"]
[Site "Ischia ITA"]
[Date "2011.07.26"]
[Round "1"]
[White "Gaponenko, Inna"]
[Black "Andreoli, Mark"]
[Result "1-0"]
[WhiteElo "2442"]
[BlackElo "1991"]
[PlyCount "106"]
[EventDate "2011.07.26"]

1. e4 c5 2. c3 d5 3. exd5 Qxd5 4. d4 Nf6 5. Nf3 Bg4 6. Be2 e6 7. h3 Bh5 8. O-O
Nc6 9. Be3 cxd4 10. cxd4 Be7 11. Nc3 Qd6 12. Nb5 Qd8 13. Ne5 Bxe2 14. Qxe2 O-O
15. Rac1 a6 16. Nxc6 bxc6 17. Nc3 Qa5 18. b3 Ba3 19. Rc2 Nd5 20. Nb1 Rfc8 21.
Rc4 Be7 22. Rfc1 Qb5 23. Nc3 Qb7 24. Na4 Qb5 25. Bd2 Nb6 26. Nxb6 Qxb6 27. Qe4
Bf6 28. Be3 g6 29. Rxc6 Rxc6 30. Rxc6 Qd8 31. Qf4 Bg7 32. Qd6 Qa5 33. a4 h5 34.
Qc5 Qe1+ 35. Kh2 Qd1 36. Rc8+ Rxc8 37. Qxc8+ Kh7 38. Qxa6 Qxb3 39. Qb5 Qd1 40.
Qc4 Bh6 41. Qc7 Bxe3 42. Qxf7+ Kh6 43. fxe3 Qxa4 44. Qxe6 Qa8 45. d5 h4 46. d6
Qf8 47. Qe5 g5 48. d7 Qd8 49. Qd6+ Kh5 50. e4 g4 51. Qe5+ Kh6 52. Qf4+ Kh7 53.
Qf5+ Kh6 1-0

[Event "III Festival Isola Verde A"]
[Site "Ischia ITA"]
[Date "2011.07.26"]
[Round "1"]
[White "Gregori, Giacomo"]
[Black "Drasko, Milan"]
[Result "0-1"]
[WhiteElo "2005"]
[BlackElo "2469"]
[PlyCount "64"]
[EventDate "2011.07.26"]

1. d4 e6 2. c4 Nf6 3. g3 Bb4+ 4. Bd2 a5 5. Nf3 d6 6. Bg2 Nbd7 7. a3 Bxd2+ 8.
Qxd2 O-O 9. Nc3 e5 10. O-O Qe7 11. e4 Nb6 12. Qd3 Bg4 13. d5 Bxf3 14. Bxf3 a4
15. Nd1 Nfd7 16. Ne3 Nc5 17. Qe2 g6 18. Rad1 f5 19. exf5 gxf5 20. Bg2 f4 21.
Nc2 Rae8 22. Rfe1 Qg7 23. Be4 Kh8 24. Nb4 Nbd7 25. Nd3 Nb3 26. Qh5 Nf6 27. Qh4
Nxe4 28. Rxe4 Qg6 29. Ree1 Nd4 30. Kg2 Nc2 31. Rf1 Qe4+ 32. Kg1 Nd4 0-1

[Event "III Festival Isola Verde A"]
[Site "Ischia ITA"]
[Date "2011.07.26"]
[Round "1"]
[White "Magaldi, Giuseppe"]
[Black "Iudicello, Giovanni"]
[Result "0-1"]
[WhiteElo "1452"]
[BlackElo "2180"]
[PlyCount "84"]
[EventDate "2011.07.26"]

1. e4 e5 2. Bc4 Bc5 3. Nf3 Nc6 4. c3 Nf6 5. d3 d6 6. h3 O-O 7. b4 Bb6 8. a4 a5
9. b5 Ne7 10. Bg5 Ng6 11. Qd2 Be6 12. Na3 Qe7 13. g3 h6 14. Bxh6 gxh6 15. Qxh6
Nh7 16. h4 Qf6 17. Ng5 Bxf2+ 18. Kd2 Nxg5 19. hxg5 Qg7 20. Rh5 Qxh6 21. gxh6
Bxc4 22. Nxc4 Bxg3 23. Ne3 Bf4 24. h7+ Kg7 25. Rg1 Rh8 26. Ke2 Bxe3 27. Kxe3
Rxh7 28. Rxh7+ Kxh7 29. Rh1+ Kg7 30. Kf3 Rh8 31. Rg1 Rh3+ 32. Kg4 Rxd3 33. Kg5
Re3 34. Kf5 Rf3+ 35. Kg4 Rf4+ 36. Kh5 Rxe4 37. Rc1 Kf6 38. Rf1+ Ke6 39. Kg5
Rxa4 40. Kh6 Rf4 41. Rg1 Kf6 42. Kh5 Rh4# 0-1

[Event "III Festival Isola Verde A"]
[Site "Ischia ITA"]
[Date "2011.07.26"]
[Round "1"]
[White "Naumkin, Igor"]
[Black "Taglialatela, Massimiliano"]
[Result "1-0"]
[WhiteElo "2486"]
[BlackElo "2026"]
[PlyCount "91"]
[EventDate "2011.07.26"]

1. d4 d5 2. c4 e6 3. Nf3 Nf6 4. Bg5 Be7 5. Nc3 O-O 6. e3 h6 7. Bh4 Ne4 8. Bxe7
Qxe7 9. Rc1 c6 10. Bd3 Nxc3 11. Rxc3 Nd7 12. O-O dxc4 13. Bxc4 e5 14. Bb3 e4
15. Nd2 Nf6 16. f3 Bf5 17. fxe4 Nxe4 18. Rxf5 Nxc3 19. bxc3 Qxe3+ 20. Kh1 Qxc3
21. Ne4 Qb4 22. h3 Rae8 23. Rf4 Kh8 24. Qd3 f5 25. Nc5 b6 26. Nd7 Re1+ 27. Kh2
Qd6 28. Qg3 Rd8 29. Ne5 Rxe5 30. dxe5 Qxe5 31. h4 Rd3 32. Rf3 Qxg3+ 33. Kxg3
Rxf3+ 34. Kxf3 g5 35. hxg5 hxg5 36. Bc2 Kg7 37. Bxf5 Kf6 38. Bd7 c5 39. Ke4 a6
40. Bc8 a5 41. Bd7 Ke7 42. Bb5 Kd6 43. a4 Ke6 44. Bc4+ Kf6 45. g4 Ke7 46. Ke5
1-0

[Event "III Festival Isola Verde A"]
[Site "Ischia ITA"]
[Date "2011.07.26"]
[Round "1"]
[White "Panarello, Giuseppe"]
[Black "Mirzoev, Azer"]
[Result "0-1"]
[WhiteElo "1990"]
[BlackElo "2415"]
[PlyCount "140"]
[EventDate "2011.07.26"]

1. d4 Nf6 2. Nf3 e6 3. Bf4 c5 4. e3 Qb6 5. Qc1 Nc6 6. c3 Nh5 7. Bg3 Nxg3 8.
hxg3 d5 9. Bd3 g6 10. Nbd2 Bg7 11. Rb1 O-O 12. Qd1 Bd7 13. Ng5 h6 14. Ngf3 Rfe8
15. Kf1 Rad8 16. Qb3 Qc7 17. dxc5 e5 18. e4 Be6 19. Qa3 dxe4 20. Bxe4 f5 21.
Bxc6 Qxc6 22. b4 Rd3 23. Qb2 Red8 24. Kg1 e4 25. Nd4 Bxd4 26. cxd4 R8xd4 27.
Nf1 h5 28. Ne3 Rd2 29. Qc3 Qc7 30. Nf1 R2d3 31. Qc1 Bxa2 32. Ra1 Bf7 33. Qg5
Qd8 34. Qxd8+ Rxd8 35. Rxa7 Rb8 36. Ne3 Rb3 37. Kh2 Rxb4 38. Rd1 Rc8 39. Rd7
Rxc5 40. Rdxb7 Rxb7 41. Rxb7 Rc6 42. Kh3 Kg7 43. Rb1 Kf6 44. Kh2 Be6 45. Kg1
Ra6 46. Kf1 g5 47. Ke1 f4 48. gxf4 gxf4 49. Nf1 h4 50. Nd2 Bd5 51. Rb8 Ra1+ 52.
Ke2 Ra2 53. Rh8 Bc4+ 54. Kd1 Bd3 55. Kc1 e3 56. fxe3 fxe3 57. Nf3 Be4 58. Rxh4
Bxf3 59. Rf4+ Kg5 60. Rxf3 e2 61. Re3 Kf4 62. Re8 Kg3 63. Rg8+ Kf2 64. Rf8+
Kxg2 65. Rg8+ Kf2 66. Rf8+ Ke1 67. Rh8 Ra7 68. Rh1+ Kf2 69. Rh2+ Kf1 70. Rh1+
Kg2 0-1

[Event "III Festival Isola Verde A"]
[Site "Ischia ITA"]
[Date "2011.07.26"]
[Round "1"]
[White "Todorov, Todor"]
[Black "Soldatov, Ilja"]
[Result "1-0"]
[WhiteElo "2497"]
[BlackElo "2158"]
[PlyCount "45"]
[EventDate "2011.07.26"]

1. e4 d6 2. d4 Nf6 3. Nc3 g6 4. Bg5 Bg7 5. e5 dxe5 6. dxe5 Ng4 7. Qxd8+ Kxd8 8.
Rd1+ Bd7 9. e6 fxe6 10. Bc4 Ke8 11. Nf3 Ne5 12. Nxe5 Bxe5 13. O-O h6 14. Be3
Nc6 15. Bd3 Kf7 16. Ne4 Nb4 17. Nc5 Bc6 18. Bc4 Nxc2 19. Nxe6 Nxe3 20. fxe3+
Ke8 21. Bd3 Kd7 22. Nf8+ Kc8 23. Nxg6 1-0

[Event "III Festival Isola Verde A"]
[Site "Ischia ITA"]
[Date "2011.07.26"]
[Round "1"]
[White "Zakurdjaeva, Irina"]
[Black "Lyons, Brendan"]
[Result "1-0"]
[WhiteElo "2268"]
[BlackElo "1966"]
[PlyCount "45"]
[EventDate "2011.07.26"]

1. e4 d5 2. exd5 Nf6 3. d4 Bg4 4. Be2 Bxe2 5. Qxe2 Qxd5 6. Nf3 e6 7. O-O Bd6 8.
c4 Qh5 9. Nc3 Nc6 10. Be3 Ne4 11. Rfe1 Nxc3 12. bxc3 g5 13. Bxg5 Bxh2+ 14. Nxh2
Qxg5 15. d5 Rg8 16. f4 Qxf4 17. dxc6 O-O-O 18. cxb7+ Kb8 19. Rad1 Rdf8 20. Rf1
Qg5 21. Nf3 Qc5+ 22. Rd4 Qa3 23. Ne5 1-0

[Event "III Festival Isola Verde A"]
[Site "Ischia ITA"]
[Date "2011.07.27"]
[Round "2"]
[White "Andreoli, Mark"]
[Black "Gamback, Bjorn"]
[Result "0-1"]
[WhiteElo "1991"]
[BlackElo "2172"]
[PlyCount "52"]
[EventDate "2011.07.26"]

1. e4 c5 2. d4 cxd4 3. c3 Nf6 4. e5 Nd5 5. Qxd4 e6 6. Nf3 Qc7 7. Bd3 Nc6 8. Qe4
d6 9. exd6 Bxd6 10. O-O b6 11. Re1 Bb7 12. Qxd5 Ne5 13. Bb5+ Kf8 14. Qd1 Nxf3+
15. gxf3 Rd8 16. Qe2 Bxh2+ 17. Kg2 Rd5 18. Be3 g5 19. Nd2 g4 20. Bh6+ Ke7 21.
Ne4 gxf3+ 22. Qxf3 Rg8+ 23. Kh1 Rxb5 24. Qf6+ Ke8 25. Rad1 Rh5 26. Qf3 Rxh6 0-1

[Event "III Festival Isola Verde A"]
[Site "Ischia ITA"]
[Date "2011.07.27"]
[Round "2"]
[White "Dervishi, Erald"]
[Black "Gaponenko, Inna"]
[Result "1-0"]
[WhiteElo "2543"]
[BlackElo "2442"]
[PlyCount "113"]
[EventDate "2011.07.26"]

1. e4 c5 2. Nf3 d6 3. d4 cxd4 4. Nxd4 Nf6 5. Nc3 g6 6. Be3 Bg7 7. Bc4 O-O 8. f3
Nc6 9. Qd2 Bd7 10. O-O-O Rc8 11. Bb3 Nxd4 12. Bxd4 b5 13. Bxa7 b4 14. Nd5 Nxd5
15. exd5 Qa5 16. Bd4 Ba4 17. Qe3 Rc7 18. Bxg7 Kxg7 19. Rhe1 Ra8 20. Kb1 Rca7
21. c4 bxc3 22. Bxa4 Qxa4 23. Qxc3+ Kg8 24. a3 Rb7 25. Ka2 Rab8 26. Rd2 Rb3 27.
Qc1 Kf8 28. Re4 Qb5 29. Rc4 Kg7 30. Rc3 Qb6 31. Rxb3 Qxb3+ 32. Ka1 Kg8 33. Qc2
Qb6 34. Ka2 Qg1 35. h4 Qe1 36. Rd4 Qe5 37. Qd2 h5 38. g4 hxg4 39. fxg4 Qg3 40.
h5 Qb3+ 41. Ka1 Rc8 42. Rb4 Qf3 43. hxg6 fxg6 44. Ka2 Rc5 45. Rd4 Kg7 46. g5
Qf5 47. Qe3 Rc7 48. Rd2 Rb7 49. Qd4+ Kg8 50. Rh2 e5 51. Qh4 Rg7 52. Qh8+ Kf7
53. Qd8 e4 54. Qc7+ Kg8 55. Qb8+ Kf7 56. Qb7+ Kf8 57. Rh8+ 1-0

[Event "III Festival Isola Verde A"]
[Site "Ischia ITA"]
[Date "2011.07.27"]
[Round "2"]
[White "Drasko, Milan"]
[Black "Dazj, Andrea"]
[Result "1-0"]
[WhiteElo "2469"]
[BlackElo "1875"]
[PlyCount "47"]
[EventDate "2011.07.26"]

1. Nf3 Nf6 2. g3 g6 3. Bg2 Bg7 4. c4 d6 5. d4 O-O 6. O-O Nbd7 7. Qc2 e5 8. Rd1
Qe7 9. Nc3 c6 10. b3 Rd8 11. e4 a5 12. h3 exd4 13. Nxd4 Nc5 14. Be3 Re8 15. Re1
Ncxe4 16. Bxe4 Nxe4 17. Nxe4 Qxe4 18. Bd2 Qxd4 19. Rxe8+ Bf8 20. Rc1 Bf5 21.
Rxa8 Bxc2 22. Bh6 Qg7 23. Bxg7 Kxg7 24. Re8 1-0

[Event "III Festival Isola Verde A"]
[Site "Ischia ITA"]
[Date "2011.07.27"]
[Round "2"]
[White "Iudicello, Giovanni"]
[Black "Pagano, Sergio"]
[Result "1-0"]
[WhiteElo "2180"]
[BlackElo "1970"]
[PlyCount "59"]
[EventDate "2011.07.26"]

1. e4 c6 2. d4 d5 3. Nc3 dxe4 4. Nxe4 h6 5. Nf3 Bf5 6. Ng3 Bh7 7. Bd3 Bxd3 8.
Qxd3 e6 9. Bd2 Nf6 10. O-O Nbd7 11. Rfe1 Qc7 12. c4 O-O-O 13. Qe2 Bd6 14. Bc3
c5 15. a3 cxd4 16. Nxd4 a6 17. b4 Nf8 18. c5 Bf4 19. c6 Ng6 20. b5 axb5 21.
Nxb5 Qb6 22. Rab1 Qc5 23. cxb7+ Kb8 24. Ne4 Nxe4 25. Qxe4 Rd7 26. Bd4 Rxd4 27.
Nxd4 Kc7 28. g3 Bd2 29. Red1 Qg5 30. Qc2+ 1-0

[Event "III Festival Isola Verde A"]
[Site "Ischia ITA"]
[Date "2011.07.27"]
[Round "2"]
[White "Lyons, Brendan"]
[Black "Diotallevi, Maurizio"]
[Result "1-0"]
[WhiteElo "1966"]
[BlackElo "2049"]
[PlyCount "80"]
[EventDate "2011.07.26"]

1. e4 g6 2. d4 Bg7 3. c3 d6 4. Be3 e6 5. Qd2 Nd7 6. Na3 h6 7. Nf3 Ne7 8. O-O-O
a6 9. c4 b6 10. h4 Bb7 11. Bd3 c5 12. Bc2 Qc7 13. Kb1 Nf6 14. d5 e5 15. Ba4+
Kf8 16. Qd3 Bc8 17. Nd2 Ng4 18. f4 exf4 19. Bxf4 Nf2 20. Qg3 Nxh1 21. Rxh1 Be5
22. Rf1 Kg7 23. Bxe5+ dxe5 24. Qf3 f5 25. Bc2 f4 26. Qc3 g5 27. g3 Rf8 28. hxg5
hxg5 29. Nf3 fxg3 30. Rg1 Ng6 31. Rxg3 g4 32. Nh2 Rf4 33. Bd1 Bd7 34. Nxg4 Bxg4
35. Bxg4 Kf6 36. Bf5 Ne7 37. Qd2 Nxf5 38. exf5 Rxf5 39. Qh6+ Ke7 40. Rg7+ Rf7
1-0

[Event "III Festival Isola Verde A"]
[Site "Ischia ITA"]
[Date "2011.07.27"]
[Round "2"]
[White "Magaldi, Giuseppe"]
[Black "Gregori, Giacomo"]
[Result "0-1"]
[WhiteElo "1452"]
[BlackElo "2005"]
[PlyCount "56"]
[EventDate "2011.07.26"]

1. e4 d6 2. Nf3 Nf6 3. Nc3 g6 4. Bc4 Bg7 5. h3 c6 6. d4 b5 7. Bb3 b4 8. Ne2
Nxe4 9. Qd3 Bf5 10. g4 Nxf2 11. gxf5 Nxd3+ 12. cxd3 O-O 13. fxg6 hxg6 14. Rg1
d5 15. Bd2 a5 16. h4 Nd7 17. h5 a4 18. Bd1 c5 19. h6 Bf6 20. Nf4 Bxd4 21. Rh1
Nf6 22. Nxd4 cxd4 23. Ng2 Qd6 24. Be2 Qg3+ 25. Kd1 Qxg2 26. Re1 b3 27. axb3
axb3 28. Rc1 Rfc8 0-1

[Event "III Festival Isola Verde A"]
[Site "Ischia ITA"]
[Date "2011.07.27"]
[Round "2"]
[White "Meijers, Viesturs"]
[Black "Zakurdjaeva, Irina"]
[Result "1-0"]
[WhiteElo "2492"]
[BlackElo "2268"]
[PlyCount "53"]
[EventDate "2011.07.26"]

1. Nf3 d5 2. b3 c5 3. e3 Nc6 4. Bb2 Nf6 5. c4 e6 6. cxd5 exd5 7. d4 cxd4 8.
Nxd4 Bb4+ 9. Bc3 Qa5 10. Qd2 Bxc3 11. Nxc3 Nxd4 12. Qxd4 O-O 13. Bd3 Be6 14.
O-O Rfc8 15. b4 Qd8 16. h3 Qd7 17. Rfd1 a5 18. Bb5 Qe7 19. Na4 Qxb4 20. Qxb4
axb4 21. Nb6 Ra5 22. Nxc8 Rxb5 23. Nd6 Rb6 24. Nc4 Ra6 25. Ne5 Ne4 26. Rdb1 Ra4
27. Nd3 1-0

[Event "III Festival Isola Verde A"]
[Site "Ischia ITA"]
[Date "2011.07.27"]
[Round "2"]
[White "Melnikova, Yana"]
[Black "Naumkin, Igor"]
[Result "0-1"]
[WhiteElo "2236"]
[BlackElo "2486"]
[PlyCount "42"]
[EventDate "2011.07.26"]

1. e4 e6 2. d4 d5 3. exd5 exd5 4. Bd3 c5 5. c3 Nf6 6. Bg5 cxd4 7. cxd4 Nc6 8.
Ne2 h6 9. Bh4 Bd6 10. Nbc3 O-O 11. Nxd5 g5 12. Nxf6+ Qxf6 13. Bg3 Bb4+ 14. Kf1
Re8 15. a3 Ba5 16. h4 Bg4 17. hxg5 hxg5 18. Be5 Nxe5 19. dxe5 Rxe5 20. Qa4 Bb6
21. Nd4 Bxd4 0-1

[Event "III Festival Isola Verde A"]
[Site "Ischia ITA"]
[Date "2011.07.27"]
[Round "2"]
[White "Mirzoev, Azer"]
[Black "Todorov, Todor"]
[Result "1/2-1/2"]
[WhiteElo "2415"]
[BlackElo "2497"]
[PlyCount "40"]
[EventDate "2011.07.26"]

1. Nf3 g6 2. d4 Bg7 3. c4 d6 4. Nc3 Nf6 5. e4 O-O 6. Be2 e5 7. dxe5 dxe5 8.
Qxd8 Rxd8 9. Bg5 Re8 10. Nd5 Nxd5 11. cxd5 c6 12. Bc4 cxd5 13. Bxd5 Na6 14.
O-O-O Nc7 15. Bb3 Be6 16. Bxe6 Nxe6 17. Be3 Red8 18. Kb1 b6 19. Rd2 Kf8 20.
Rhd1 Ke8 1/2-1/2

[Event "III Festival Isola Verde A"]
[Site "Ischia ITA"]
[Date "2011.07.27"]
[Round "2"]
[White "Soldatov, Ilja"]
[Black "Panarello, Giuseppe"]
[Result "1-0"]
[WhiteElo "2158"]
[BlackElo "1990"]
[PlyCount "80"]
[EventDate "2011.07.26"]

1. Nf3 Nf6 2. c4 e6 3. b3 b6 4. g3 Bb7 5. Bg2 Be7 6. O-O O-O 7. Bb2 c5 8. Nc3
d6 9. e3 Nbd7 10. Qe2 Ne4 11. Nxe4 Bxe4 12. d4 Qc7 13. Rfd1 Bf6 14. Rd2 Rad8
15. Rad1 Rfe8 16. h3 Be7 17. Kh2 Rf8 18. Bf1 h5 19. d5 e5 20. Ne1 Bg6 21. f4
exf4 22. exf4 Bf6 23. Qf3 Bxb2 24. Rxb2 Nf6 25. f5 Bh7 26. g4 hxg4 27. hxg4
Rde8 28. Bd3 Qd8 29. g5 Nd7 30. Rg2 Ne5 31. Qf4 Qc8 32. Be4 Rd8 33. Rdd2 Qd7
34. Rdf2 Rde8 35. Rg3 a6 36. Rh3 g6 37. Qh4 f6 38. gxf6 Qf7 39. Rg2 Nd7 40.
fxg6 Qxf6 1-0

[Event "III Festival Isola Verde A"]
[Site "Ischia ITA"]
[Date "2011.07.27"]
[Round "2"]
[White "Taglialatela, Massimiliano"]
[Black "Calabrese, Claudio"]
[Result "1-0"]
[WhiteElo "2026"]
[BlackElo "1942"]
[PlyCount "127"]
[EventDate "2011.07.26"]

1. e4 g6 2. d4 Bg7 3. Nf3 c6 4. Bc4 d5 5. exd5 cxd5 6. Bb3 Nc6 7. O-O Bg4 8. c3
Nf6 9. Nbd2 O-O 10. h3 Bxf3 11. Nxf3 Ne4 12. Re1 e6 13. Qe2 Rc8 14. Bf4 a6 15.
Rad1 b5 16. Bc2 Nd6 17. Ng5 Qd7 18. Qg4 Nf5 19. Qe2 Nd6 20. Bh2 h6 21. Nf3 Nc4
22. Bb1 Rfe8 23. b3 Nd6 24. Qd2 Rcd8 25. Ne5 Nxe5 26. Bxe5 Nb7 27. h4 Na5 28.
h5 Bxe5 29. Rxe5 Nc6 30. Re3 Kg7 31. hxg6 fxg6 32. Rg3 Ne7 33. Rh3 Rh8 34. Re1
Rdf8 35. Qe2 Rf6 36. Re3 Rhf8 37. Rxe6 Rxe6 38. Qxe6 Qxe6 39. Rxe6 Kf7 40. Rxa6
Rc8 41. Bd3 Rxc3 42. Bxb5 Rc1+ 43. Kh2 Rd1 44. Bd7 Rxd4 45. Be6+ Kf8 46. Rb6
Rd2 47. a4 Rxf2 48. Rb8+ Kg7 49. Re8 Nf5 50. Bxd5 g5 51. Rg8+ Kh7 52. Rf8 Kg7
53. Rf7+ Kg6 54. Be6 Re2 55. Rxf5 Rxe6 56. Rb5 Re2 57. a5 Ra2 58. b4 Kf7 59.
Rb6 Ra4 60. a6 Ke8 61. b5 Kd8 62. Rc6 Ra5 63. Rxh6 Rxb5 64. a7 1-0

[Event "III Festival Isola Verde A"]
[Site "Ischia ITA"]
[Date "2011.07.28"]
[Round "3"]
[White "Calabrese, Claudio"]
[Black "Andreoli, Mark"]
[Result "1-0"]
[WhiteElo "1942"]
[BlackElo "1991"]
[PlyCount "79"]
[EventDate "2011.07.26"]

1. d4 c5 2. e3 cxd4 3. exd4 d5 4. Bd3 Nf6 5. c3 g6 6. Nf3 Bg7 7. h3 O-O 8. Bf4
Nc6 9. O-O Qb6 10. Qb3 Qxb3 11. axb3 Ne4 12. b4 f5 13. Re1 h6 14. h4 Nd8 15.
Be5 Nf7 16. Bxg7 Kxg7 17. Ra5 e6 18. Ne5 b6 19. Ra3 a5 20. f3 Ned6 21. Nd2 Nxe5
22. dxe5 Nf7 23. Nb3 Rb8 24. Nd4 Bd7 25. f4 g5 26. g3 Rfc8 27. Raa1 axb4 28.
Ra7 bxc3 29. Rxd7 cxb2 30. Rb1 Rc1+ 31. Kf2 Ra8 32. Rxb2 Rh1 33. Rxb6 Ra2+ 34.
Ne2 gxf4 35. gxf4 Rxh4 36. Rbb7 Rxf4+ 37. Ke3 Rh4 38. Rxf7+ Kg6 39. Rg7+ Kh5
40. Ng3# 1-0

[Event "III Festival Isola Verde A"]
[Site "Ischia ITA"]
[Date "2011.07.28"]
[Round "3"]
[White "Dazj, Andrea"]
[Black "Soldatov, Ilja"]
[Result "0-1"]
[WhiteElo "1875"]
[BlackElo "2158"]
[PlyCount "80"]
[EventDate "2011.07.26"]

1. d4 Nf6 2. Nf3 e6 3. Bg5 c5 4. c3 Qb6 5. Qc2 Nc6 6. e3 Be7 7. Nbd2 d5 8. Bd3
h6 9. Bh4 Bd7 10. Rb1 Rc8 11. Qd1 Qa5 12. a3 Nd8 13. Qe2 Qa4 14. Rc1 Nc6 15.
O-O O-O 16. Ne5 Nxe5 17. Bxf6 Bxf6 18. dxe5 Bxe5 19. f4 Bb8 20. Rf3 f5 21. Rg3
e5 22. Rf1 e4 23. Bb1 Bb5 24. c4 Bxc4 25. Nxc4 Qxc4 26. Qh5 Rc6 27. Rg6 Rxg6
28. Qxg6 d4 29. exd4 cxd4 30. g4 d3 31. gxf5 Bc7 32. Kh1 Rf6 33. Qe8+ Kh7 34.
Rg1 Bb6 35. Re1 d2 36. Rd1 e3 37. Rg1 e2 38. Rxg7+ Kxg7 39. Qe7+ Qf7 40. Qxe2
Qd5+ 0-1

[Event "III Festival Isola Verde A"]
[Site "Ischia ITA"]
[Date "2011.07.28"]
[Round "3"]
[White "Gamback, Bjorn"]
[Black "Lyons, Brendan"]
[Result "1-0"]
[WhiteElo "2172"]
[BlackElo "1966"]
[PlyCount "101"]
[EventDate "2011.07.26"]

1. e4 d5 2. exd5 Nf6 3. d4 Bg4 4. Be2 Bxe2 5. Nxe2 Qxd5 6. O-O Nc6 7. Bf4 O-O-O
8. Nbc3 Qf5 9. Be3 h5 10. Ng3 Qg6 11. Qf3 h4 12. Nge2 h3 13. g3 e5 14. dxe5
Nxe5 15. Qf4 Nfg4 16. Rad1 Be7 17. Nd4 Bg5 18. Qxg5 Qxg5 19. Bxg5 Rxd4 20. f3
Rxd1 21. Nxd1 Nh6 22. g4 f6 23. Bf4 Nhf7 24. Kf2 g5 25. Bc1 Nd6 26. Kg3 f5 27.
Bxg5 fxg4 28. Bf6 Re8 29. Bxe5 Rxe5 30. fxg4 Re2 31. Kxh3 Ne4 32. c3 Rd2 33.
Re1 Ng5+ 34. Kg3 Rxh2 35. Kxh2 Nf3+ 36. Kg3 Nxe1 37. Kf4 Kd7 38. Ke4 Ng2 39.
Ne3 Nh4 40. Ke5 Ng6+ 41. Kf6 Nf4 42. g5 Nh5+ 43. Kf7 Kd6 44. Ng4 Ng3 45. g6 Nf5
46. Kf6 Ne7 47. g7 a5 48. Ne3 Ng8+ 49. Kf7 Nh6+ 50. Kf8 Ke6 51. Ng4 1-0

[Event "III Festival Isola Verde A"]
[Site "Ischia ITA"]
[Date "2011.07.28"]
[Round "3"]
[White "Gaponenko, Inna"]
[Black "Mirzoev, Azer"]
[Result "1/2-1/2"]
[WhiteElo "2442"]
[BlackElo "2415"]
[PlyCount "109"]
[EventDate "2011.07.26"]

1. e4 e5 2. Nf3 Nc6 3. Bb5 a6 4. Bxc6 dxc6 5. O-O Bd6 6. d4 exd4 7. Qxd4 f6 8.
Be3 Ne7 9. Nbd2 Be6 10. Qc3 Ng6 11. Nd4 Bf7 12. Nf5 O-O 13. Nc4 Bf4 14. Rfe1
Re8 15. Rad1 Qc8 16. Bxf4 Nxf4 17. b3 Bg6 18. Qf3 Ne6 19. h4 Kh8 20. e5 Rf8 21.
Ne7 Qe8 22. Nxg6+ Qxg6 23. exf6 Rxf6 24. Qd3 Qh5 25. g3 Raf8 26. Re5 Qg4 27.
Qe2 Qh3 28. Qf1 Qxf1+ 29. Rxf1 Nd4 30. Re7 b5 31. Nd2 Nxc2 32. Rxc7 h6 33. Ne4
Re6 34. Nc5 Re2 35. Rxc6 Nb4 36. Rd6 Rxa2 37. Ne6 Re8 38. Rfd1 Kg8 39. h5 Rb2
40. Rd8 Rxd8 41. Rxd8+ Kf7 42. Nc5 Rc2 43. Ne4 Rc7 44. Rd6 Ke7 45. Rg6 Ke8 46.
Rb6 Ke7 47. Kg2 Kf7 48. g4 Rd7 49. f3 Ke7 50. Kg3 Rd8 51. Nc5 Rd6 52. Rb7+ Kf8
53. Rb8+ Kf7 54. Rb7+ Kf8 55. Rb8+ 1/2-1/2

[Event "III Festival Isola Verde A"]
[Site "Ischia ITA"]
[Date "2011.07.28"]
[Round "3"]
[White "Gregori, Giacomo"]
[Black "Melnikova, Yana"]
[Result "1-0"]
[WhiteElo "2005"]
[BlackElo "2236"]
[PlyCount "59"]
[EventDate "2011.07.26"]

1. Nf3 c5 2. c4 g6 3. g3 Bg7 4. Bg2 e6 5. Nc3 Ne7 6. O-O Nbc6 7. d3 d5 8. cxd5
Nxd5 9. Nxd5 Qxd5 10. Be3 Qd6 11. Qc1 Nd4 12. Nxd4 Bxd4 13. Bxd4 cxd4 14. Qg5
O-O 15. Rac1 e5 16. Rc2 Be6 17. Bxb7 Rab8 18. Bf3 f6 19. Qd2 Bxa2 20. Qa5 Bb3
21. Rc6 Qb4 22. Qxa7 Rf7 23. Qa6 Kg7 24. Rfc1 Qd2 25. Rc7 Qxb2 26. Rxf7+ Bxf7
27. Rc7 Qb3 28. Qd6 Rf8 29. Bd5 Qa4 30. Qe7 1-0

[Event "III Festival Isola Verde A"]
[Site "Ischia ITA"]
[Date "2011.07.28"]
[Round "3"]
[White "Iudicello, Giovanni"]
[Black "Meijers, Viesturs"]
[Result "0-1"]
[WhiteElo "2180"]
[BlackElo "2492"]
[PlyCount "92"]
[EventDate "2011.07.26"]

1. e4 c5 2. Nf3 e6 3. d3 a6 4. g3 b5 5. Bg2 Bb7 6. O-O Be7 7. Re1 d5 8. exd5
Bxd5 9. Nc3 Bc6 10. a4 Nd7 11. Bf4 Ngf6 12. Ne5 Bxg2 13. Kxg2 b4 14. Nxd7 Qxd7
15. Ne4 Nd5 16. Bg5 f6 17. Be3 O-O 18. Nd2 f5 19. f4 Bf6 20. Nc4 Rae8 21. Qf3
Qc7 22. Re2 Nb6 23. Nxb6 Qxb6 24. Rb1 Qd6 25. b3 e5 26. Rbe1 e4 27. dxe4 Rxe4
28. Bf2 Rxe2 29. Qxe2 Qd5+ 30. Qf3 Qxf3+ 31. Kxf3 Rc8 32. Re6 c4 33. h3 cxb3
34. cxb3 Kf7 35. Re2 h6 36. g4 Kg6 37. Be1 a5 38. Bf2 Rc6 39. Re8 Bb2 40. Re2
Rc3+ 41. Kg2 Rxb3 42. Re6+ Bf6 43. Ra6 Ra3 44. gxf5+ Kh7 45. Bc5 Ra2+ 46. Kf3
b3 0-1